Quick Pick: 2016 in 10 Languages Quiz Stats

 Plays Quiz Updated Mar 29, 2016

Challenge
Share
Tweet
Embed
Score 0/10 Timer 01:00
0 Plays Today
% Correct
Two thousand and sixteen
96.1%
Deux mille seize
89.1%
Dos mil dieciséis
86.1%
Zweitausendsechzehn
84.7%
две тысячи шестнадцать
79%
δύο χιλιάδες δεκαέξι
76.1%
Duo milia et sedecim
75.9%
Kaksituhattakuusitoista
73.4%
Dois mil e dezasseis
69.3%
Duemilasedici
58.8%

Today's Daily Dose

You're not logged in!

Compare scores with friends on all Sporcle quizzes.
Join for Free
OR
Log In

You Might Also Like...

Show Comments

Extras

Top Quizzes Today


Score Distribution

Your Account Isn't Verified!

In order to create a playlist on Sporcle, you need to verify the email address you used during registration. Go to your Sporcle Settings to finish the process.

Report this User

Report this user for behavior that violates our Community Guidelines.

Details: